Top 15 Greatest NBA Players of All-Time - Statistics

General Stats
  • This quiz has been taken 48 times
  • The average score is 12 of 15
Answer Stats
Hint Answer % Correct
#1 Lebron James
100%
#2 Michael Jordan
100%
#8 Kobe Bryant
91%
#4 Shaquille O'Neal
89%
#7 Steph Curry
86%
#10 Bill Rusell
83%
#12 Magic Johnson
83%
#6 Tim Duncan
83%
#3 Kareem Abdul-Jabar
77%
#5 Larry Bird
74%
#14 Kevin Durant
71%
#11 Hakeem Olajuwon
69%
#9 Wilt Chamberlin
54%
#13 Karl Malone
49%
#15 Dirk Nowitzki
46%
No matching quizzes found
Score Distribution
Percent of People with Each Score
Percentile by Number Answered
Your Score History
You have not taken this quiz